Goalkeepers in the Premier League - Statistics

General Stats
  • This quiz has been taken 24 times
  • The average score is 26 of 79
Answer Stats
Hint Answer % Correct
Manchester City Ederson
95%
Liverpool Alisson
91%
Manchester United David de Gea
91%
Everton Jordan Pickford
91%
Arsenal Bernd Leno
86%
Chelsea Edouard Mendy
86%
Leicester City Kasper Schmeichel
86%
Burnley Nick Pope
86%
West Ham United David Martin
77%
Manchester United Dean Henderson
77%
Tottenham Hotspur Hugo Lloris
77%
Crystal Palace Stephen Henderson
77%
Aston Villa Emiliano Martinez
73%
Southampton Fraser Forster
73%
Tottenham Hotspur Joe Hart
73%
Chelsea Kepa
73%
Liverpool Adrian
68%
Wolverhampton Wanderers Rui Patricio
68%
Sheffield United Aaron Ramsdale
64%
West Ham United Lukasz Fabianski
64%
Chelsea Willy Caballero
55%
Fulham Alphonse Areola
50%
Liverpool Caoimhin Kelleher
50%
Newcastle United Martin Dubravka
50%
Arsenal Mat Ryan
50%
Manchester United Sergio Romero
50%
Newcastle United Karl Darlow
45%
West Bromwich Albion Sam Johnstone
45%
Crystal Palace Vicente Guaita
45%
Crystal Palace Wayne Hennessey
45%
Aston Villa Tom Heaton
41%
Manchester City Zack Steffen
41%
Southampton Alex McCarthy
36%
Leeds United Illan Meslier
36%
Manchester City Scott Carson
36%
West Ham United Darren Randolph
32%
Crystal Palace Jack Butland
32%
Everton Robin Olsen
32%
Arsenal Runar Alex Runarsson
27%
Leicester City Danny Ward
23%
Brighton and Hove Albion Robert Sanchez
23%
Wolverhampton Wanderers John Ruddy
18%
Manchester United Lee Grant
18%
West Bromwich Albion David Button
14%
Leicester City Eldin Jakupovic
14%
Everton Joao Virginia
14%
Leeds United Kiko Casilla
14%
Fulham Marek Rodak
14%
Burnley Will Norris
14%
Tottenham Hotspur Alfie Whiteman
9%
Burnley Bailey Peacock-Farrell
9%
Southampton Harry Lewis
9%
Aston Villa Jed Steer
9%
West Bromwich Albion Andy Lonergan
5%
Brighton and Hove Albion Christian Walton
5%
Fulham Fabri
5%
Liverpool Jakub Ojrzynski
5%
Manchester City James Trafford
5%
Brighton and Hove Albion Jason Steele
5%
Chelsea Karlo Ziger
5%
West Ham United Nathan Trott
5%
Sheffield United Simon Moore
5%
Sheffield United Wes Foderingham
5%
Aston Villa Akos Onodi
0%
Wolverhampton Wanderers Andreas Sondergaard
0%
Arsenal Arthur Okonkwo
0%
Newcastle United Daniel Langley
0%
Leeds United Elia Caprile
0%
Everton Harry Tyrer
0%
Liverpool Harvey Davies
0%
Leicester City Jakub Stolarczyk
0%
Arsenal Karl Hein
0%
Liverpool Liam Hughes
0%
Newcastle United Mark Gillespie
0%
Fulham Michael Hector
0%
Manchester United Nathan Bishop
0%
Aston Villa Oliwer Zych
0%
Brighton and Hove Albion Thomas McGill
0%
Everton Zan-Luk Leban
0%
No matching quizzes found
Score Distribution
Percent of People with Each Score
Percentile by Number Answered
Your Score History
You have not taken this quiz